00489nam a2200193 a 4500001001300000003000900013005001700022008004100039020001000080082001500090100001600105245003600121260004100157300000800198500003500206505001700241650002100258700001600279nice12345678IN_TiNIC20260116012855.0050524s1987 hyda grp 000 0 urd  ac10000a297.1bYOU aYounus, A K aLalkar-Dhar Yani Waqt Ka Taqaza aHyderabadbIjaz Printing Pressc1987 a87p aincludes index and biblioraphy2 abibliography aIslam-Miscellany1 aYounus, A K